| 000 | 00387cam a2200157ua 4500 | ||
|---|---|---|---|
| 041 |
_aeng _h |
||
| 082 |
_a030 _bBOZ/EV |
||
| 100 | _aBozman, E F . | ||
| 245 |
_aEveryman`s encyclopaedia vol-10 / _cE F Bozman. _hTextual Documents |
||
| 250 |
_a4 / _b. |
||
| 260 |
_aLondon : _bJ M Dent and Sons Ltd , _c1958. |
||
| 300 | _a762 ; . | ||
| 504 | _a | ||
| 942 | _cBK | ||
| 999 |
_c5659 _d5659 |
||